| 000 | 00685nam a22002057a 4500 | ||
|---|---|---|---|
| 005 | 20251108165444.0 | ||
| 008 | 250721s1974 xx 000 0 ara d | ||
| 082 | 1 | 4 | _aم/811.5/محم |
| 100 | 1 | _aالمرزوقي، محمد | |
| 245 | 1 | 0 |
_aعلي الحصري : _bالمعشرات و إقتراحات القريح و إجتراح الجريح / |
| 250 | _aط2 | ||
| 264 | 1 |
_aتونس : _bالشركة التونسية للتوزيع، _c1974. |
|
| 300 | _a288 | ||
| 650 | 1 | 7 | _aالأدب العربي |
| 650 | 1 | 7 | _aالعصر الأندلسي |
| 650 | 1 | 7 | _aشعر الرثاء |
| 700 | 1 | _aيحيى، الجيلاني إبن الحاج | |
| 942 |
_2ddc _cBK |
||
| 999 |
_c28329 _d28329 |
||